000 00445nam a2200181Ia 4500
005 20250326130056.0
008 250326s9999 xx 000 0 und d
037 _aTextbook
040 _aFMSL
_beng
_cFMSL
041 _aeng
_2eng
084 _aX:8 L1
_qFMSL
100 _aH M S O
_9702719
245 0 _aManagement
_cH M S O
260 _aNY
_bNY, HMSO
_c1971
300 _a22p
942 _cTB
_hX:8 L1
999 _c1280810
_d1280810